| 000 | 00960nam0a22002531 4500 | ||
|---|---|---|---|
| 001 | rc\2777621 | ||
| 005 | 20250806205126.0 | ||
| 035 | _a(NLR Aleph) 006903880 | ||
| 090 |
_a32161 _c32161 |
||
| 100 | _a20110915d1942 u y0rusy50 ca | ||
| 101 | 0 | _arus | |
| 102 | _aRU | ||
| 105 | _aa z ||||| | ||
| 200 | 1 |
_aВыработка крахмала, патоки и пищевой глюкозы из очисток картофеля _fНауч.-исслед. ин-т торговли и общественного питания Наркомторга СССР |
|
| 210 |
_aМосква _cГосторгиздат _d1942 |
||
| 215 |
_a36 с. _cил. _d22 см. |
||
| 700 | 1 |
_aБаканов _bН.А. _f1893- _gНиколай Алексеевич |
|
| 801 | 0 |
_aRU _bNLR _gpsbo |
|
| 801 | 1 |
_aRU _bELAR _2rusmarc |
|
| 852 |
_aNLR _jТ66 Г-6/194 |
||
| 942 | _cBOOK | ||
| 945 | _aРоссийская национальная библиотека | ||
| 980 | _aNB | ||
| 980 | _aBV | ||